Detail in contemporary residential architecture : (Record no. 353494)

000 -LEADER
fixed length control field 01424nam a22002417a 4500
003 - CONTROL NUMBER IDENTIFIER
control field OSt
005 - DATE AND TIME OF LATEST TRANSACTION
control field 20180116192409.0
008 - FIXED-LENGTH DATA ELEMENTS--GENERAL INFORMATION
fixed length control field 120713t 2007xxu||||| |||| 00| 0 eng d
020 ## - INTERNATIONAL STANDARD BOOK NUMBER
International Standard Book Number 1856694828
020 ## - INTERNATIONAL STANDARD BOOK NUMBER
International Standard Book Number 9781856694827
040 ## - CATALOGING SOURCE
Transcribing agency 0
082 ## - DEWEY DECIMAL CLASSIFICATION NUMBER
Classification number 728.370222
100 ## - MAIN ENTRY--PERSONAL NAME
Personal name McLeod, Virginia.
9 (RLIN) 5611
245 10 - TITLE STATEMENT
Title Detail in contemporary residential architecture :
Statement of responsibility, etc. Virginia McLeod.
260 ## - PUBLICATION, DISTRIBUTION, ETC.
Place of publication, distribution, etc. London :
Name of publisher, distributor, etc. Laurence King Publishers,
Date of publication, distribution, etc. 2007.
300 ## - PHYSICAL DESCRIPTION
Extent 240 p. :
Other physical details ill ;
Dimensions 30 cm.
520 ## - SUMMARY, ETC.
Summary, etc. Architectural detailing makes a building unique and an architect outstanding. This book provides analysis of both the technical and the aesthetic importance of details in the development of contemporary domestic architecture from 2000 to 2005. Featuring many of the world's most highlyacclaimed architects, the book presents over 50 of the most recently completed and influential house designs. For each house there are color photographs, plans of every floor, sections and elevations, and numerous construction details. The book also features in-depth information for each project, including the size, the client, the architectural project team, main consultants, and contractors. With CD-ROM.
650 ## - SUBJECT ADDED ENTRY--TOPICAL TERM
Topical term or geographic name entry element Architecture, Domestic
9 (RLIN) 5612
650 ## - SUBJECT ADDED ENTRY--TOPICAL TERM
Topical term or geographic name entry element Architecture
General subdivision Details
9 (RLIN) 5613
650 ## - SUBJECT ADDED ENTRY--TOPICAL TERM
Topical term or geographic name entry element Residential architecture
9 (RLIN) 5618
942 ## - ADDED ENTRY ELEMENTS (KOHA)
Source of classification or shelving scheme
Koha item type Book
Holdings
Withdrawn status Lost status Source of classification or shelving scheme Damaged status Not for loan Permanent Location Current Location Date acquired Total Checkouts Total Renewals Full call number Barcode Date last seen Date last checked out Cost, replacement price Price effective from Koha item type Copy number
          School of Art Design and Architecture (SADA) School of Art Design and Architecture (SADA) 07/11/2012 2 2 728.370222 MCL 2007 SADA0001693 04/09/2013 03/28/2013 3413.00 07/13/2012 Book  
          School of Art Design and Architecture (SADA) School of Art Design and Architecture (SADA) 05/06/2015     CD 728.370222 MCL 2007 SADA0002465 01/05/2017     01/05/2017   01
© 2023 Central Library, National University of Sciences and Technology. All Rights Reserved.